000 01470nam a22003857a 4500
003 CHAP
005 20220817043607.0
008 000120d1999 mx a r 00110 spa d
010 _a79358
011 _a80330
035 _a90780
040 _cCHAP
090 _aTesis
100 0 0 _aMartínez Domínguez, Perfecto Miguel.
_972002
245 1 0 _aCaracterización técnica del componente arbóreo del sistema agroforestal café-cedro rojo, en Los Tuxtlas, Veracruz
_c/por Perfecto Miguel Martínez Domínguez
260 _aChapingo, Méx. :
_bEl autor,
_c1999.
300 _a151 h. :
_bilus. ; cuadros
502 _aTesis (M.C. en Agroforestería para el Desarrollo Sostenible) -- UACH. Centro de Agroforestería para el Desarrollo Sostenible
590 _aALEPH
_b10
_c20130110
_lUCH01
_h1430
590 _aBATCH-UPD
_b10
_c20130110
_lUCH01
_h1554
590 _aBATCH-UPD
_b10
_c20130410
_lUCH01
_h0951
590 _aBATCH-UPD
_b10
_c20130913
_lUCH01
_h2209
590 _aCONVERSION
_b10
_c20130109
_lUCH01
_h1344
650 1 4 _aAgroforestería.
_92156
650 1 4 _aÁrboles de sombra.
_982445
650 1 4 _aCafé
_zVeracruz.
650 1 4 _aCedro
_xVeracruz.
_920869
650 1 4 _aSombra
_xEfecto en plantas.
_9108539
901 _aBK
905 _aGuadalupe Pinto C.
942 _cFOLL
949 _bBC
_cTES
_d33724000740767
_eTS2
_fc.2
_h34559
_i90780
_si
949 _bBC
_cTES
_d33724000760161
_eTS2
_fc.3
_h35703
_i90780
_si
949 _bBC
_cTES
_d907801
_eTS1
_h34558
_i90780
_sb
999 _c79358
_d79358